Endless Possibility - Jaret Reddick (Lyrics) - Statistics

General Stats
  • This quiz has been taken 25 times
  • The average score is 235 of 286
Answer Stats
Lyrics % Correct
Endless
100%
I
100%
no
100%
No,
100%
see
100%
a
91%
and
91%
And
91%
are
91%
been
91%
in
91%
is
91%
it,
91%
it
91%
it!
91%
It
91%
it's
91%
my
91%
My
91%
not
91%
possibility
91%
Possibility
91%
Possibility!
91%
so
91%
So
91%
The
91%
the
91%
This
91%
this
91%
to
91%
will
91%
you
91%
all
82%
always
82%
back
82%
But
82%
can
82%
carry
82%
ending
82%
ending!
82%
escape
82%
get
82%
go
82%
how
82%
I'm
82%
inside
82%
know
82%
know,
82%
know!
82%
leave?
82%
looking
82%
me
82%
me!
82%
never
82%
now
82%
now,
82%
of
82%
on
82%
possibilities
82%
running
82%
shine
82%
there?
82%
there
82%
through
82%
THROUGH!
82%
time
82%
when
82%
world
82%
Cause
73%
'cause
73%
ever
73%
feel
73%
for
73%
from
73%
gotta
73%
I'll
73%
like
73%
reach
73%
right
73%
somewhere
73%
start
73%
that
73%
Where
73%
where
73%
you'll
73%
As
64%
as
64%
come,
64%
dream
64%
fast
64%
gone
64%
has
64%
heart
64%
within
64%
feels
55%
losing
55%
lost
55%
please
55%
speed,
55%
up
55%
wake
55%
We've
55%
your
55%
you're
55%
You're
55%
again
45%
already
45%
Better
45%
coming
45%
Drop
45%
journey
45%
one's
45%
out,
45%
power
45%
top
45%
beaten
36%
begins!
36%
flow
36%
let
36%
smile
36%
stand
36%
Straight
36%
me's
27%
Then
27%
No matching quizzes found
Score Distribution
Percent of People with Each Score
Percentile by Number Answered
Your Score History
You have not taken this quiz